=LDR 00000nam 2200000 4500 =001 INLIS000000000033518 =005 20150430112426.0 =006 =007 =008 ind =035 ##$$0010-061300000033518 =041 ##$$a ind =082 ##$$a 615 =090 ##$$a 615, Ans a =100 ##$$a Anshari, Muhammad =245 ##$$a Aplikasi manajemen pengelolaan obat dan makanan, Muhammad Anshari;Editor,Ari setiawan =260 ##$$a 2009 $b Yogyakarta =300 ##$$a vii,175 hlm, Ilus, 21 cm =650 ##$$a Obat =700 ##$$a Setiawan, Ari =850 ##$$a NBPNMAT =990 ##$$a 0001/BPAP-NTB/20142014 =990 ##$$a 11721172 =990 ##$$a 01201901172 =990 ##$$a 0001/BPAP-NTB/20142014 =990 ##$$a 0001/BPAP-NTB/20142015